| 000 | 01037cam a22002653a 4500 | ||
|---|---|---|---|
| 001 | 20127 | ||
| 003 | PGUSA | ||
| 005 | 20140828083427.0 | ||
| 008 | 061219s2006||||xxu|||||s|||||000 p eng d | ||
| 040 |
_aPGUSA _beng |
||
| 042 | _adc | ||
| 050 | 4 | _aPR | |
| 100 | 1 |
_aStephens, James, _d1882-1950 |
|
| 245 | 1 | 0 |
_aHere are Ladies _h[electronic resource] / _cJames Stephens |
| 260 |
_bProject Gutenberg, _c2006 |
||
| 505 | 0 | _aWomen -- Three heavy husbands -- A glass of beer -- One and one -- Three women who wept -- The triangle -- The daisies -- Three angry people -- The threepenny piece -- Brigid -- Three young wives -- The horses -- Mistress Quiet Eyes -- Three lovers who lost -- The blind man -- Sweet-apple -- Three happy places -- The moon -- There is a tavern in the town. | |
| 506 | _aPublic domain in the USA. | ||
| 516 | _aElectronic text | ||
| 653 | _aPoetry | ||
| 653 | _aShort stories | ||
| 653 | _aFiction | ||
| 830 | 0 |
_aProject Gutenberg _v20127 |
|
| 856 | 4 | 0 | _uhttp://www.gutenberg.org/ebooks/20127 |
| 942 | _cEB | ||
| 999 |
_c249382 _d249382 |
||